|
|
|
|
| LEADER |
01288nam a2200277 a 4500 |
| 001 |
3718222 |
| 008 |
091108s1981 enkaf b 001 0 eng d |
| 010 |
|
|
|a 80040440
|
| 020 |
|
|
|a 0080231179
|
| 020 |
|
|
|a 0080268064 (pbk.)
|
| 040 |
|
|
|a DLC
|c DLC
|d DLC
|
| 082 |
0 |
0 |
|a 337/.09/048
|2 19
|
| 245 |
0 |
0 |
|a Changing priorities on the international agenda :
|b the new international economic order /
|c edited by Karl P. Sauvant.
|
| 250 |
|
|
|a 1st ed.
|
| 260 |
|
|
|a Oxford ;
|a New York :
|b Pergamon Press,
|c 1981.
|
| 300 |
|
|
|a xxvi, 319 p., [1] folded leaf of plates :
|b ill. ;
|c 27 cm.
|
| 490 |
0 |
|
|a Systems science and world order library.
|p Explorations of world order
|
| 490 |
0 |
|
|a Pergamon international library of science, technology, engineering, and social studies
|
| 504 |
|
|
|a Includes bibliographical references and index.
|
| 541 |
1 |
|
|e 00006458
|
| 650 |
|
0 |
|a International economic relations.
|
| 651 |
|
0 |
|a Developing countries
|x Foreign economic relations
|x Addresses, essays, lectures.
|
| 700 |
1 |
|
|a Sauvant, Karl P.
|
| 852 |
4 |
|
|a Ayesha Abed Library
|j General Shelf
|
| 999 |
|
|
|c 5681
|d 5681
|
| 952 |
|
|
|0 0
|1 0
|2 ddc
|4 0
|6 337_090480000000000_CHA_1981
|7 0
|9 5607
|a BRACUL
|b BRACUL
|c GEN
|d 2009-11-21
|g 0.00
|l 0
|o 337.09048 CHA
|p 3010006458
|r 2009-11-21
|t 1
|w 2009-11-21
|y BK
|x No price found in the accession register.
|